Zahraničný obchod a zahraničný kapitál v SR v I. štvrťroku 1994

Celkový zahraničnoobchodný obrat SR za prvý štvrťrok 1994 v porovnaní s tým istým obdobím predošlého roku. Úhrnná hodnota vývozu, vývozné položky, podiel jednotlivých krajín. Celkový dovoz, komodity, podiel jednotlivých krajín. Zahraničný kapitál vložený do podnikov SR. Podiel organizácií so základn...

Ausführliche Beschreibung

Gespeichert in:
Bibliographische Detailangaben
Format: Buchkapitel
Sprache:Slowakisch
Schlagworte:
Tags: Tag hinzufügen
Keine Tags, Fügen Sie das erste Tag hinzu!

MARC

LEADER 00000naa a2200000 4500
001 r016255
005 20221205090445.1
041 0 |a slo 
044 |a SK 
245 1 0 |a Zahraničný obchod a zahraničný kapitál v SR v I. štvrťroku 1994 
520 |a Celkový zahraničnoobchodný obrat SR za prvý štvrťrok 1994 v porovnaní s tým istým obdobím predošlého roku. Úhrnná hodnota vývozu, vývozné položky, podiel jednotlivých krajín. Celkový dovoz, komodity, podiel jednotlivých krajín. Zahraničný kapitál vložený do podnikov SR. Podiel organizácií so základným vkladom zahraničného kapitálu, poradie firiem s najvyššími vkladmi, územné rozloženie. Rozmiestnenie podľa odvetví NH. 
610 2 0 |a údaje štatistické 
610 2 0 |a Slovensko 
610 2 0 |a obchod zahraničný 
610 2 0 |a vývoz 
610 2 0 |a dovoz 
610 2 0 |a obrat obchodu zahraničného 
610 2 0 |a kapitál zahraničný 
610 2 0 |a január-marec 
610 2 0 |a 1994 
610 2 0 |a komodity 
610 2 0 |a odvetvia činnosti ekonomickej